000 00744cam a22002533a 4500
001 15328
003 PGUSA
005 20140828083328.0
008 050311s2005||||xxu|||||s|||||000 1 eng d
040 _aPGUSA
_beng
042 _adc
050 4 _aPS
100 1 _aAdams, John Turvill,
_d1805-1882
245 1 4 _aThe Lost Hunter :
_bA Tale of Early Times
_h[electronic resource] /
_cJohn Turvill Adams
260 _bProject Gutenberg,
_c2005
506 _aPublic domain in the USA.
516 _aElectronic text
653 _aIndians of North America -- Fiction
653 _aNew England -- Fiction
653 _aAdventure stories
830 0 _aProject Gutenberg
_v15328
856 4 0 _uhttp://www.gutenberg.org/ebooks/15328
942 _cEB
999 _c244583
_d244583